LEADER 00960nam a2200241 i 4500 001 991002998649707536 005 20020503181542.0 008 930317s1983 it ||| | ita 035 $ab10443812-39ule_inst 035 $aEXGIL113330$9ExL 040 $aBiblioteca Interfacoltà$bita 100 1 $aRoehrssen, Carlo$0231126 245 10$aHans Kelsen nella cultura filosofico-giuridica del novecento /$ca cura di Carlo Roehrssen 260 $aRoma :$bIstituto della Enciclopedia italiana,$c1983 300 $a225 p. ;$c24 cm. 490 0 $aBiblioteca internazionale di cultura ;$v10 650 4$aKelsen, Hans 907 $a.b10443812$b21-02-17$c27-06-02 912 $a991002998649707536 945 $aLE002 Coll. 13.10$g1$iLE002-14020N$lle002$o-$pE0.00$q-$rn$so $t0$u0$v0$w0$x0$y.i1051479x$z27-06-02 996 $aHans Kelsen nella cultura filosofico-giuridica del novecento$9223958 997 $aUNISALENTO 998 $ale002$b01-01-93$cm$da $e-$fita$git $h0$i1